Poemas distantes /

Gardado en:
Detalles Bibliográficos
Autor Principal: Cervantes Pérez, Manuel (autor)
Outros autores: Ramos Meza, José Ernesto (presentación) (presentación)
Formato: Libro
Idioma:Lingua castelá
Publicado: Guadalajara, México : Teleta, 1951, c1951
Series:(Bajo el Rubro del Cincuenta ; 2)
Temas:
Etiquetas: Engadir etiqueta
Sen Etiquetas, Sexa o primeiro en etiquetar este rexistro!

MARC

LEADER 00000nam^a2200000^a^4500
001 000141655
005 20250526000000.0
009 20260310095622.127
037 |a Acervo ITESO - Biblioteca 
041 |a ESP 
082 |a 861.  |b CER 
100 |a Cervantes Pérez, Manuel  |e (autor) 
245 1 0 |a Poemas distantes /  |c M. Cervantes Pérez ; prelim. de J.E. Ramos Meza. 
264 4 |a Guadalajara, México :  |b Teleta,  |c 1951, c1951 
300 |a 76 p. ;  |c 20.0 cm. 
440 1 |a (Bajo el Rubro del Cincuenta ;  |v 2) 
649 |a XX 
650 |a Poesía Mexicana 
650 |a Literatura Mexicana -  |y Siglo XX 
700 |a Ramos Meza, José Ernesto  |e (presentación) 
910 |a Fondo Salvador Reynoso Reynoso 
920 |a Impresos - Libros 
930 |a Libros Antiguos y Raros 
940 |a Literatura 
905 |a 108 
901 |a 0800015274  |b IT2  |c LRA  |u 20250526 
902 |a https://opac.biblio.iteso.mx/vufind/Record/000141655